La cosecha: poemas
Gorde:
| Egile nagusia: | |
|---|---|
| Formatua: | Liburua |
| Hizkuntza: | gaztelania |
| Argitaratua: |
Buenos Aires
Losada
1945
|
| Saila: | Biblioteca contemporánea, 143
|
| Gaiak: | |
| Etiketak: |
Etiketa erantsi
Etiketarik gabe, Izan zaitez lehena erregistro honi etiketa jartzen!
|
MARC
| LEADER | 00000nam a2200000 a 4500 | ||
|---|---|---|---|
| 001 | UCX3586 | ||
| 003 | CL-VaPUC | ||
| 008 | 911115e19450000AG |||||||||||||||||spa|d | ||
| 082 | 0 | 4 | |a 891.401 |b TAG |2 21 |
| 100 | 0 | |a Tagore, Rabindranath |e author |9 319768 | |
| 245 | 1 | 3 | |a La cosecha: poemas |
| 300 | |a 123 p | ||
| 942 | |c BK | ||
| 945 | |d 19911115 00:00:00 | ||
| 260 | |a Buenos Aires |b Losada |c 1945 | ||
| 650 | 7 | |a POESIAS HINDUES |2 CL-VaPUC |9 319769 | |
| 583 | |a last modification |c 19911115 00:00:00 |k Rodrigo Vera | ||
| 490 | 0 | |a Biblioteca contemporánea, 143 | |
| 999 | |c 224305 |d 224303 | ||
| 952 | |0 0 |1 0 |4 0 |6 891_401000000000000_TAG_1945 |7 0 |8 A |9 220848 |a BIBEDU |b BIBEDU |d 2019-11-15 |i 2895900 |o 891.401 TAG 1945 |p 2895900 |r 2019-11-15 |w 2019-11-15 |y BK |k LIT | ||